| 000 | 00540cam a2200205 4500 | ||
|---|---|---|---|
| 001 | D14037 | ||
| 008 | 970304 19-? aeo f | ||
| 035 | _a(Sirsi) u94618 | ||
| 041 | _aeng | ||
| 050 | 0 | 4 | _a526.9028 $2 18 |
| 100 | 1 | _aTaylor, E. Wilfred | |
| 245 | 0 | 0 | _aTheodolite design and construction |
| 260 |
_aYork _bCooke, Traughton and Sims _c19-? |
||
| 300 |
_a132p _bill. _c24cm. |
||
| 350 | _a0 | ||
| 651 | 4 |
_aUnited Kingdom _y |
|
| 690 | _aENVIRONMENTAL AND LAND CONSULTANCY-GEOMATICS | ||
| 942 | _n0 | ||
| 948 | _c04/03/1997 | ||
| 999 |
_c98097 _d98097 |
||